[Event "CAN-ch (Women)"]
[Site "Montreal"]
[Date "2012.08.06"]
[Round "4"]
[White "Serbanescu, Natasa"]
[Black "Roy, Myriam"]
[Result "0-1"]
[WhiteElo "1824"]
[BlackElo "1982"]
[PlyCount "94"]
[EventDate "2012.08.05"]
[EventType "swiss"]
[EventRounds "9"]
[EventCountry "CAN"]
[SourceTitle "EXT 2022"]
[Source "ChessBase"]
[SourceDate "2021.10.06"]
[SourceVersion "1"]
[SourceVersionDate "2021.10.06"]
[SourceQuality "1"]

1. e4 c5 2. Nf3 d6 3. d4 cxd4 4. Bb5+ Bd7 5. Bxd7+ Qxd7 6. Nxd4 Nf6 7. Nc3 Nc6 8. 0-0 g6 9. h3 Bg7 10. Be3 0-0 11. Nxc6 bxc6 12. Qd2 Rab8 13. Rab1 Rfd8 14. Rfd1 e5 15. f4 Nh5 16. fxe5 Bxe5 17. Bd4 Qe7 18. Bxe5 dxe5 19. Qe3 Rxd1+ 20. Nxd1 Nf4 21. Nc3 Qg5 22. Qf3 h5 23. Kh2 Rd8 24. Rd1 Rxd1 25. Nxd1 Kg7 26. g3 Ne6 27. Qe3 Qe7 28. c3 h4 29. Nf2 hxg3+ 30. Qxg3 Nf4 31. Nd3 Qd6 32. Nxf4 exf4 33. Qf2 f3+ 34. Kg1 Qf4 35. Qd4+ Kh7 36. Kf2 Qh2+ 37. Kxf3 Qxh3+ 38. Ke2 Qg2+ 39. Kd3 Qf1+ 40. Ke3 a6 41. Qd2 g5 42. Qf2 Qxf2+ 43. Kxf2 Kg6 44. b4 Kf6 45. a4 Ke5 46. c4 Kxe4 47. b5 cxb5 0-1

[Event "CAN-ch (Women)"]
[Site "Kitchener"]
[Date "2009.08.03"]
[Round "3"]
[White "Yuan, Yuanling"]
[Black "Serbanescu, Natasa"]
[Result "1-0"]
[WhiteElo "2203"]
[BlackElo "1849"]
[PlyCount "51"]
[EventDate "2009.08.03"]
[EventType "tourn"]
[EventRounds "7"]
[EventCountry "CAN"]
[SourceTitle "EXT 2011"]
[Source "ChessBase"]
[SourceDate "2010.11.26"]
[SourceVersion "1"]
[SourceVersionDate "2010.11.26"]
[SourceQuality "1"]

1. e4 c5 2. Nf3 Nc6 3. d4 cxd4 4. Nxd4 e5 5. Nb5 a6 6. Nd6+ Bxd6 7. Qxd6 Qf6 8. Qd1 Qg6 9. Nc3 d5 10. Nxd5 Qxe4+ 11. Be2 Nd4 12. Nc7+ Ke7 13. f3 Nxf3+ 14. Kf1 Nd4 15. Bd3 Qc6 16. Nxa8 Nf6 17. Qe1 Bh3 18. Qxe5+ Ne6 19. Qg3 Rxa8 20. Qxh3 Rd8 21. Qf3 Qc7 22. Be3 Nd4 23. Bxd4 Rxd4 24. Qe3+ Ne4 25. Qxd4 Qf4+ 26. Kg1 1-0

[Event "Toronto-ch (Women)"]
[Site "Toronto"]
[Date "2008.10.05"]
[Round "4"]
[White "Glenda, Baylon"]
[Black "Serbanescu, Natasa"]
[Result "1-0"]
[WhiteElo "1880"]
[BlackElo "1850"]
[PlyCount "67"]
[EventDate "2008.09.14"]
[EventType "tourn"]
[EventRounds "5"]
[EventCountry "CAN"]
[SourceTitle "EXT 2011"]
[Source "ChessBase"]
[SourceDate "2010.11.26"]
[SourceVersion "1"]
[SourceVersionDate "2010.11.26"]
[SourceQuality "1"]

1. d4 d5 2. c4 e6 3. Nc3 Nf6 4. Nf3 h6 5. e3 c5 6. dxc5 Bxc5 7. cxd5 exd5 8. Bb5+ Nc6 9. 0-0 0-0 10. a3 Bg4 11. b4 Bd6 12. h3 Bh5 13. Be2 Ne5 14. Nxe5 Bxe2 15. Qxe2 Bxe5 16. Bb2 Bxc3 17. Bxc3 Ne4 18. Bd4 a5 19. b5 Qd7 20. Rfd1 Qe6 21. Qb2 Qg6 22. Be5 Rfd8 23. Rac1 Rd7 24. b6 Ng5 25. Kh2 Ne6 26. Qb5 Rdd8 27. Bc7 Rdc8 28. Qxd5 Nxc7 29. bxc7 Qb6 30. Qd7 a4 31. Rd4 Qa5 32. Rf4 f6 33. Rg4 Qe5+ 34. f4 1-0

[Event "Toronto-ch (Women)"]
[Site "Toronto"]
[Date "2008.09.21"]
[Round "2"]
[White "Orlova, Yelizaveta"]
[Black "Serbanescu, Natasa"]
[Result "1-0"]
[WhiteElo "2001"]
[BlackElo "1850"]
[PlyCount "65"]
[EventDate "2008.09.14"]
[EventType "tourn"]
[EventRounds "5"]
[EventCountry "CAN"]
[SourceTitle "EXT 2011"]
[Source "ChessBase"]
[SourceDate "2010.11.26"]
[SourceVersion "1"]
[SourceVersionDate "2010.11.26"]
[SourceQuality "1"]

1. d4 d5 2. Nf3 Nf6 3. g3 Bg4 4. Bg2 e6 5. Ne5 Be7 6. Nxg4 Nxg4 7. e4 Nf6 8. e5 Nfd7 9. 0-0 c5 10. c3 Nc6 11. Be3 Rc8 12. Qg4 g6 13. h4 h5 14. Qf4 cxd4 15. cxd4 Nb4 16. Nd2 Nc2 17. Rac1 Nxe3 18. Rxc8 Qxc8 19. fxe3 Rf8 20. e4 Nb6 21. Nb3 dxe4 22. Rc1 Qd7 23. Bxe4 Nd5 24. Qf3 b6 25. Nd2 f5 26. Bxd5 exd5 27. Qf4 Kf7 28. Nf3 Ke6 29. Qh6 Qe8 30. Rc7 Rg8 31. Qh7 Rh8 32. Rxe7+ Qxe7 33. Qxh8 1-0

[Event "CAN-ch (Women)"]
[Site "Kitchener"]
[Date "2007.08.02"]
[Round "3"]
[White "Khoudgarian, Natalia"]
[Black "Serbanescu, Natasa"]
[Result "1-0"]
[WhiteElo "2124"]
[BlackElo "1858"]
[PlyCount "33"]
[EventDate "2007.08.01"]
[EventType "tourn"]
[EventRounds "7"]
[EventCountry "CAN"]
[SourceTitle "EXT 2022"]
[Source "ChessBase"]
[SourceDate "2021.10.06"]
[SourceVersion "1"]
[SourceVersionDate "2021.10.06"]
[SourceQuality "1"]

1. e4 c5 2. Nf3 Nc6 3. c3 e6 4. d4 cxd4 5. cxd4 d5 6. e5 Bb4+ 7. Nc3 Nge7 8. Bd3 a6 9. 0-0 Bd7 10. Be3 b5 11. Rc1 0-0 12. Bxh7+ Kh8 13. Bb1 g6 14. Bg5 Qe8 15. Bf6+ Kg8 16. Qd2 Kh7 17. Qg5 1-0

[Event "CAN-ch (Women)"]
[Site "Kitchener"]
[Date "2007.08.01"]
[Round "2"]
[White "Serbanescu, Natasa"]
[Black "Lacau Rodean, Iulia"]
[Result "1/2-1/2"]
[WhiteElo "1858"]
[BlackElo "2049"]
[PlyCount "161"]
[EventDate "2007.08.01"]
[EventType "tourn"]
[EventRounds "7"]
[EventCountry "CAN"]
[SourceTitle "EXT 2022"]
[Source "ChessBase"]
[SourceDate "2021.10.06"]
[SourceVersion "1"]
[SourceVersionDate "2021.10.06"]
[SourceQuality "1"]

1. Nf3 Nf6 2. g3 g6 3. Bg2 Bg7 4. d4 d6 5. c4 0-0 6. Nc3 Nbd7 7. e4 e5 8. 0-0 h6 9. Qe2 c6 10. Be3 Ng4 11. Rad1 Nxe3 12. fxe3 Qe7 13. d5 c5 14. a3 b6 15. b4 Rb8 16. b5 Nf6 17. h3 Nh7 18. Nh4 Ng5 19. Kh2 Bd7 20. a4 Ra8 21. Rf2 Rae8 22. Ra1 Ra8 23. a5 Rfb8 24. Qf1 Qd8 25. Rfa2 Qc8 26. axb6 axb6 27. Ra6 Bf8 28. R1a2 Be7 29. Rxa8 Rxa8 30. Qa1 Rxa2 31. Qxa2 Bxh3 32. Qf2 Qg4 33. Bf3 Nxf3+ 34. Qxf3 Qxf3 35. Nxf3 Bf1 36. Nd2 Bd3 37. Kg2 Kg7 38. Kf2 h5 39. Ne2 Bxe2 40. Kxe2 g5 41. Kf3 g4+ 42. Kf2 h4 43. gxh4 Bxh4+ 44. Kg2 Kg6 45. Nf1 f5 46. Nd2 Be1 47. Nb3 f4 48. exf4 exf4 49. Kf1 Bb4 50. Nc1 Bc3 51. Nd3 Be5 52. Nxe5+ dxe5 53. Kf2 Kg5 54. Kg2 f3+ 55. Kg3 Kg6 56. Kf2 Kf6 57. Kg3 Kg5 58. Kf2 Kf4 59. d6 g3+ 60. Kg1 f2+ 61. Kg2 Ke3 62. d7 Ke2 63. d8Q f1Q+ 64. Kxg3 Qf3+ 65. Kh4 Qxe4+ 66. Kg5 Qxc4 67. Qxb6 e4 68. Qc6 e3 69. b6 Qg8+ 70. Kf4 Qf8+ 71. Kg3 Ke1 72. Qh1+ Qf1 73. Qxf1+ Kxf1 74. b7 e2 75. b8Q e1Q+ 76. Kf3 Qe2+ 77. Kg3 c4 78. Qf4+ Ke1 79. Qc1+ Qd1 80. Qxc4 Qd6+ 81. Qf4 1/2-1/2